[Event "C.to Regionale Liguria"]
[Site "Spotorno ITA"]
[Date "2011.04.17"]
[Round "4"]
[White "Altieri, Danilo Mario"]
[Black "Pesce, Gabriele"]
[Result "1/2-1/2"]
[WhiteElo "1977"]
[BlackElo "2185"]
[PlyCount "29"]
[EventDate "2011.04.15"]

1. Nf3 Nf6 2. g3 g6 3. Bg2 Bg7 4. d3 c5 5. c3 O-O 6. O-O d5 7. Nbd2 Nc6 8. a3
e5 9. Qc2 a5 10. e4 d4 11. c4 Ne8 12. Re1 Nd6 13. Nf1 b6 14. h3 Ra7 15. N3h2
1/2-1/2

[Event "C.to Regionale Liguria"]
[Site "Spotorno ITA"]
[Date "2011.04.17"]
[Round "4"]
[White "Benvenuti, Cristian"]
[Black "Castellano, Adriano"]
[Result "1-0"]
[WhiteElo "1353"]
[BlackElo "1644"]
[PlyCount "67"]
[EventDate "2011.04.15"]

1. e4 c5 2. Nf3 Nc6 3. Nc3 a6 4. a3 e6 5. Be2 Nf6 6. O-O Be7 7. d3 O-O 8. h3 d5
9. e5 Nd7 10. Bf4 f6 11. exf6 Bxf6 12. Bh2 Nde5 13. Re1 Nxf3+ 14. Bxf3 Bxc3 15.
bxc3 Qf6 16. Qd2 Bd7 17. Bd6 Rfe8 18. Bxc5 e5 19. Bxd5+ Kh8 20. d4 Qg6 21. Be4
Bf5 22. Bxf5 Qxf5 23. d5 Rad8 24. c4 b5 25. cxb5 axb5 26. Rab1 e4 27. Rxb5 Rxd5
28. Qc3 Ree5 29. Bd4 Rxb5 30. Bxe5 Nxe5 31. Rd1 Nf7 32. Qd4 h6 33. c4 Rb2 34.
Qxb2 1-0

[Event "C.to Regionale Liguria"]
[Site "Spotorno ITA"]
[Date "2011.04.17"]
[Round "4"]
[White "Ciccarelli, Marco"]
[Black "Pedemonte, Claudio"]
[Result "1-0"]
[WhiteElo "1883"]
[BlackElo "1708"]
[PlyCount "69"]
[EventDate "2011.04.15"]

1. e4 d6 2. d4 Nf6 3. Nc3 g6 4. f4 Bg7 5. Nf3 c5 6. Bb5+ Bd7 7. e5 Nh5 8. g4
Nxf4 9. Bxf4 cxd4 10. Qxd4 dxe5 11. Bxe5 f6 12. Bxb8 Rxb8 13. O-O-O Bxb5 14.
Qxd8+ Rxd8 15. Rxd8+ Kxd8 16. Nxb5 a6 17. Rd1+ Kc8 18. Nbd4 Rd8 19. Ne6 Bh6+
20. g5 Rxd1+ 21. Kxd1 fxg5 22. Nexg5 Kd7 23. b3 Kc6 24. Ke2 Kc5 25. c3 a5 26.
Kd3 b5 27. Nxh7 Bf4 28. h3 e5 29. Nhg5 Kd5 30. Ne4 Ke6 31. Nh4 g5 32. Nf3 Kf5
33. Nexg5 Bxg5 34. Nxg5 Kxg5 35. Ke4 1-0

[Event "C.to Regionale Liguria"]
[Site "Spotorno ITA"]
[Date "2011.04.17"]
[Round "4"]
[White "Cotugno, Michele"]
[Black "Pagliari, Lino"]
[Result "1-0"]
[WhiteElo "1740"]
[BlackElo "1431"]
[PlyCount "109"]
[EventDate "2011.04.15"]

1. d4 d5 2. c4 dxc4 3. Nf3 b6 4. e3 Bf5 5. Bxc4 Bxb1 6. Rxb1 e6 7. Ne5 Bd6 8.
Qf3 Bxe5 9. Qxa8 Bd6 10. b4 Nf6 11. Bb5+ Nfd7 12. a4 O-O 13. Bxd7 Qxd7 14. Qxa7
Nc6 15. Qa6 Bxb4+ 16. Ke2 Nb8 17. Qc4 Bd6 18. Bd2 Re8 19. a5 bxa5 20. Bxa5 Nc6
21. Bc3 g6 22. h4 f5 23. d5 Ne5 24. Bxe5 Bxe5 25. Rhd1 Bd6 26. dxe6 Rxe6 27.
Rb8+ Kg7 28. Qd4+ Kh6 29. g3 Qe7 30. Kf1 Rf6 31. Qd2 Re6 32. e4+ Kg7 33. exf5
gxf5 34. Ra1 c5 35. Rc8 Qd7 36. Raa8 Qf7 37. Rf8 Kf6 38. Qg5+ Ke5 39. Rg8 Qf6
40. Qe3+ Kd5 41. Qb3+ c4 42. Qb7+ Kd4 43. Rgf8 Qe5 44. Qb2+ c3 45. Ra4+ Kd3 46.
Qb1+ c2 47. Qb3+ Kd2 48. Ra2 Qe1+ 49. Kg2 Qd1 50. Qxe6 Kc1 51. Rd8 Kb1 52. Qb3+
Kc1 53. Ra1+ Kd2 54. Rxd6+ Ke2 55. Qe3# 1-0

[Event "C.to Regionale Liguria"]
[Site "Spotorno ITA"]
[Date "2011.04.17"]
[Round "4"]
[White "Platino, Maurizio"]
[Black "Nikolajevic, Tihomir"]
[Result "1-0"]
[WhiteElo "1902"]
[BlackElo "1869"]
[PlyCount "103"]
[EventDate "2011.04.15"]

1. d4 Nf6 2. c4 e6 3. Nc3 d5 4. cxd5 exd5 5. Bg5 Be7 6. Qc2 c6 7. e3 h6 8. Bh4
Be6 9. Nf3 Nbd7 10. Bd3 O-O 11. O-O Rc8 12. e4 dxe4 13. Nxe4 Nxe4 14. Bxe7 Qxe7
15. Bxe4 Qd6 16. Rfd1 Rfe8 17. a3 Bg4 18. h3 Be6 19. Bf5 Qd5 20. Bxe6 Rxe6 21.
Re1 Rce8 22. Qd2 Re4 23. Rxe4 Rxe4 24. Re1 Nf6 25. Rxe4 Nxe4 26. Qf4 Nd6 27.
Qe3 f6 28. Kh1 Kf7 29. Kg1 a5 30. Qc3 a4 31. Qb4 b5 32. Qa5 g5 33. Qc3 Qc4 34.
Qe3 Qb3 35. Qe2 Nc4 36. Qe4 Na5 37. g4 Qe6 38. Qh7+ Ke8 39. Qxh6 Kd7 40. Qh7+
Kd6 41. Qa7 Nb3 42. Qb8+ Kd5 43. Qf8 Ke4 44. Kg2 Nxd4 45. Qb4 Qc4 46. Qe7+ Kd3
47. Qe3+ Kc2 48. Qe2+ Kb1 49. Nxd4 Qd5+ 50. Kg1 c5 51. Qc2+ Ka2 52. Nxb5 1-0

[Event "C.to Regionale Liguria"]
[Site "Spotorno ITA"]
[Date "2011.04.17"]
[Round "4"]
[White "Pozzobon, Davide"]
[Black "Atteo, Domenico"]
[Result "0-1"]
[WhiteElo "1795"]
[BlackElo "1795"]
[PlyCount "48"]
[EventDate "2011.04.15"]

1. e4 e6 2. d4 d5 3. Nd2 c5 4. c3 Nc6 5. Ndf3 cxd4 6. exd5 Qxd5 7. cxd4 Bb4+ 8.
Bd2 Nf6 9. Bxb4 Nxb4 10. a3 Nc6 11. Bd3 O-O 12. Ne2 Rd8 13. O-O b6 14. Qa4 Bb7
15. Nc3 Qa5 16. Qxa5 Nxa5 17. Be2 Nb3 18. Rad1 Rac8 19. Rd3 Bxf3 20. Rxf3 Nd2
21. Rd1 Nxf3+ 22. Bxf3 Rd7 23. Kf1 Rcd8 24. Ne2 e5 0-1

[Event "C.to Regionale Liguria"]
[Site "Spotorno ITA"]
[Date "2011.04.17"]
[Round "4"]
[White "Ranieri, Fabrizio"]
[Black "Traverso, Massimiliano"]
[Result "1-0"]
[WhiteElo "2283"]
[BlackElo "1945"]
[PlyCount "107"]
[EventDate "2011.04.15"]

1. e4 c5 2. Nf3 Nc6 3. d4 cxd4 4. Nxd4 Nf6 5. Nc3 e5 6. Nf3 Bb4 7. Bc4 Nxe4 8.
Qd3 Nd6 9. Bd5 O-O 10. O-O Qf6 11. a3 Bxc3 12. Qxc3 Nb5 13. Qd3 Nbd4 14. Nxd4
Nxd4 15. Be3 Nc6 16. Rad1 Qg6 17. Be4 f5 18. Qb3+ Kh8 19. Bc5 Rd8 20. Rd6 Qh5
21. Bd5 Qg6 22. Rd1 Ne7 23. Be6 b6 24. Bb4 Bb7 25. Qg3 Qxg3 26. hxg3 Nc6 27.
Rxd7 Rxd7 28. Rxd7 Bc8 29. Rd6 Bxe6 30. Rxe6 Nxb4 31. axb4 e4 32. c4 Kg8 33.
Re7 a5 34. b5 Rd8 35. Re6 Rb8 36. Rc6 Kf7 37. Kf1 g5 38. Ke2 Kg7 39. Ke3 Rb7
40. b3 Kf7 41. f3 exf3 42. gxf3 Re7+ 43. Kd4 h5 44. Rxb6 f4 45. gxf4 g4 46.
fxg4 hxg4 47. f5 Rd7+ 48. Kc3 Rd1 49. Rg6 Rf1 50. Rxg4 Rxf5 51. b6 Ke6 52. Rd4
Rf1 53. b7 Rf8 54. c5 1-0

[Event "C.to Regionale Liguria"]
[Site "Spotorno ITA"]
[Date "2011.04.17"]
[Round "4"]
[White "Roversi, Stefano"]
[Black "Carzolio, Luigi"]
[Result "0-1"]
[WhiteElo "1879"]
[BlackElo "1919"]
[PlyCount "104"]
[EventDate "2011.04.15"]

1. e4 g6 2. d4 Bg7 3. Nf3 c5 4. c3 cxd4 5. cxd4 d5 6. Bb5+ Bd7 7. Bxd7+ Qxd7 8.
Nc3 dxe4 9. Nxe4 Nf6 10. Nxf6+ Bxf6 11. Bh6 Nc6 12. Qa4 e6 13. O-O Ne7 14.
Qxd7+ Kxd7 15. Ne5+ Bxe5 16. dxe5 Rhc8 17. Rfd1+ Nd5 18. Rd3 Rc2 19. Rf3 Ke8
20. Rb3 b6 21. a4 Rac8 22. h4 Re2 23. a5 Rxe5 24. axb6 axb6 25. Ra7 Re1+ 26.
Kh2 Re4 27. Kh3 Rec4 28. Rf3 R4c7 29. Rfa3 Kd7 30. Kg4 Rxa7 31. Rxa7+ Rc7 32.
Rxc7+ Kxc7 33. Bg7 f6 34. h5 Kc6 35. hxg6 hxg6 36. Bf8 e5 37. Kf3 Kd7 38. Ke4
Ke6 39. g3 f5+ 40. Kd3 b5 41. f3 Nf6 42. Kc3 Kd5 43. Kb4 Kc6 44. Kc3 e4 45. Kd4
exf3 46. Ke3 Ne4 47. Kxf3 Kd5 48. Kf4 Ke6 49. g4 Nd2 50. gxf5+ gxf5 51. b4 Nc4
52. Bc5 Ne5 0-1

[Event "C.to Regionale Liguria"]
[Site "Spotorno ITA"]
[Date "2011.04.17"]
[Round "5"]
[White "Atteo, Domenico"]
[Black "Platino, Maurizio"]
[Result "0-1"]
[WhiteElo "1795"]
[BlackElo "1902"]
[PlyCount "70"]
[EventDate "2011.04.15"]

1. e4 e6 2. d4 d5 3. Nc3 Nf6 4. Bg5 Bb4 5. e5 h6 6. Bd2 Bxc3 7. bxc3 Ne4 8. Bd3
Nxd2 9. Qxd2 c5 10. Nf3 c4 11. Be2 Nc6 12. O-O O-O 13. h3 f5 14. exf6 Qxf6 15.
Qe3 Bd7 16. Rab1 b6 17. Rbe1 Rae8 18. Bd1 Re7 19. Ne5 Nxe5 20. Qxe5 Qxe5 21.
Rxe5 Rf6 22. f4 Ref7 23. g3 g5 24. Bg4 gxf4 25. gxf4 Rxf4 26. Rxf4 Rxf4 27.
Bxe6+ Bxe6 28. Rxe6 Rf3 29. Re5 Rxh3 30. Rxd5 Rxc3 31. Rd8+ Kg7 32. Rd7+ Kg6
33. Rxa7 Rxc2 34. a4 c3 35. Rb7 Rb2 0-1

[Event "C.to Regionale Liguria"]
[Site "Spotorno ITA"]
[Date "2011.04.17"]
[Round "5"]
[White "Carzolio, Luigi"]
[Black "Ivaldo, Fabrizio"]
[Result "1/2-1/2"]
[WhiteElo "1919"]
[BlackElo "1924"]
[PlyCount "46"]
[EventDate "2011.04.15"]

1. Nf3 f5 2. g3 Nf6 3. Bg2 d6 4. O-O g6 5. d3 Bg7 6. Nbd2 O-O 7. e4 fxe4 8.
dxe4 Nc6 9. c3 Kh8 10. Qc2 Ng4 11. h3 Nge5 12. Nxe5 Nxe5 13. f4 Nc6 14. Nf3 e5
15. Be3 Be6 16. Ng5 Bc4 17. Rf2 exf4 18. gxf4 Qe7 19. Re1 Rae8 20. Bd2 h6 21.
Nf3 Qd7 22. Nh2 Be6 23. Rf3 a6 1/2-1/2

[Event "C.to Regionale Liguria"]
[Site "Spotorno ITA"]
[Date "2011.04.17"]
[Round "5"]
[White "Cotugno, Michele"]
[Black "Benvenuti, Cristian"]
[Result "1/2-1/2"]
[WhiteElo "1740"]
[BlackElo "1353"]
[PlyCount "59"]
[EventDate "2011.04.15"]

1. d4 d5 2. c4 dxc4 3. e3 Bf5 4. Bxc4 e6 5. Nf3 Nf6 6. O-O Bd6 7. Nc3 O-O 8.
Bd3 Bg4 9. Be2 Nc6 10. Nd2 Bf5 11. Bf3 Qd7 12. e4 Bg6 13. e5 Bc2 14. Qxc2 Nxd4
15. Qd1 Bxe5 16. Nc4 Bd6 17. Bxb7 Rab8 18. Nxd6 Qxd6 19. Ne4 Qb6 20. Nxf6+ gxf6
21. Bh6 Kh8 22. Bxf8 Rxf8 23. Re1 e5 24. b3 c5 25. Bd5 Rc8 26. Qh5 Kg7 27. Re3
Qd6 28. Rg3+ Kf8 29. Be4 Qd7 30. Qxh7 1/2-1/2

[Event "C.to Regionale Liguria"]
[Site "Spotorno ITA"]
[Date "2011.04.17"]
[Round "5"]
[White "Nikolajevic, Tihomir"]
[Black "Giostra, Lorenzo"]
[Result "1-0"]
[WhiteElo "1869"]
[BlackElo "1670"]
[PlyCount "179"]
[EventDate "2011.04.15"]

1. Nf3 Nf6 2. b3 d5 3. Bb2 e6 4. g3 c5 5. e3 Nc6 6. Bg2 Be7 7. O-O O-O 8. d3 a6
9. Nbd2 d4 10. Nc4 Rb8 11. c3 b5 12. Nce5 Nxe5 13. Nxe5 dxe3 14. fxe3 Bb7 15.
Bxb7 Rxb7 16. Nc6 Qc7 17. Nxe7+ Qxe7 18. Qe2 Nd5 19. e4 Nf6 20. Rad1 e5 21. Bc1
h6 22. Qf3 Rd8 23. Bxh6 gxh6 24. Qxf6 Rd6 25. Qxe7 Rxe7 26. Kf2 Red7 27. Ke2
Kg7 28. Rd2 Rc7 29. Rfd1 Rcd7 30. Ke3 Rc6 31. a3 a5 32. Ke2 Rcd6 33. Ke3 Rc6
34. Rc1 Rb6 35. d4 exd4+ 36. cxd4 cxd4+ 37. Rxd4 Re7 38. Rc5 Ra7 39. Rdd5 Rab7
40. e5 a4 41. b4 Rb8 42. Kd4 R6b7 43. Rd6 Re7 44. Rcc6 Rbe8 45. Rd5 Rb8 46. Kc5
Reb7 47. Rdd6 Re7 48. e6 f6 49. Rd7 Kf8 50. Kd6 Ree8 51. Rf7+ Kg8 52. Rxf6 Kg7
53. Rf7+ Kg6 54. Rf3 Rb7 55. Kc5 Reb8 56. Rf7 Rxf7 57. exf7+ Kxf7 58. Rxh6 Kg7
59. Rb6 Rh8 60. Kxb5 Rxh2 61. Kxa4 Rg2 62. Ka5 Rxg3 63. a4 Kf7 64. Rd6 Ke7 65.
Rd4 Rg6 66. b5 Rg5 67. Ka6 Rc5 68. b6 Rc6 69. Ka7 Rc8 70. b7 Rc7 71. Ka8 Rc5
72. b8=Q Ra5+ 73. Kb7 Rf5 74. Qd6+ Kf7 75. Rh4 Rg5 76. Rh7+ Kg8 77. Qe7 Rb5+
78. Kc6 Rb6+ 79. Kd7 Rb7+ 80. Ke8 Rb8+ 81. Qd8 Rxd8+ 82. Kxd8 Kxh7 83. a5 Kg8
84. Ke7 Kg7 85. a6 Kh7 86. a7 Kg6 87. a8=Q Kg7 88. Qg2+ Kh6 89. Kf6 Kh7 90.
Qg7# 1-0

[Event "C.to Regionale Liguria"]
[Site "Spotorno ITA"]
[Date "2011.04.17"]
[Round "5"]
[White "Pagliari, Lino"]
[Black "Castellano, Adriano"]
[Result "0-1"]
[WhiteElo "1431"]
[BlackElo "1644"]
[PlyCount "109"]
[EventDate "2011.04.15"]

1. c4 Nf6 2. d4 e6 3. Nc3 g6 4. e4 d6 5. Bg5 Bg7 6. Bd3 Nbd7 7. Nf3 a6 8. Qe2
O-O 9. O-O c6 10. Qe3 Qb6 11. Bh6 Qxb2 12. Bxg7 Kxg7 13. Na4 Qb4 14. Bc2 Qxc4
15. Qd3 Qxd3 16. Bxd3 b5 17. Nc3 Bb7 18. e5 Ng4 19. exd6 Nh6 20. Ne5 Rad8 21.
Be4 Nb8 22. Rac1 Rxd6 23. Rfd1 f5 24. Bf3 Nf7 25. Nxf7 Rxf7 26. Ne2 Rfd7 27.
Kf1 g5 28. g3 a5 29. a3 Ba6 30. Rc2 b4 31. axb4 Bxe2+ 32. Bxe2 axb4 33. Rb2
Rxd4 34. Rc1 g4 35. Kg2 Rc7 36. Bc4 Kf6 37. Re1 Rxc4 38. Rbe2 Re4 39. Rxe4 fxe4
40. Rxe4 Kf5 41. Rxb4 c5 42. Rxb8 c4 43. Kf1 Rd7 44. Ke2 Ke4 45. Rb4 Kd4 46.
Kd2 Ke4+ 47. Kc3 Kf3 48. Rxc4 h5 49. Rc6 Re7 50. Kd4 Kxf2 51. Ke5 Kg2 52. Rxe6
Rxe6+ 53. Kxe6 Kxh2 54. Kf5 Kxg3 55. Ke6 0-1

[Event "C.to Regionale Liguria"]
[Site "Spotorno ITA"]
[Date "2011.04.17"]
[Round "5"]
[White "Pedemonte, Claudio"]
[Black "Roversi, Stefano"]
[Result "1-0"]
[WhiteElo "1708"]
[BlackElo "1879"]
[PlyCount "63"]
[EventDate "2011.04.15"]

1. c4 Nf6 2. Nc3 g6 3. g3 Bg7 4. Bg2 O-O 5. e4 d6 6. Nge2 c5 7. O-O Nc6 8. d3
Bd7 9. h3 Rb8 10. Be3 Qc8 11. Kh2 a6 12. Rb1 b5 13. b3 Rd8 14. Nd5 e6 15. Nxf6+
Bxf6 16. Qd2 Nd4 17. Nxd4 cxd4 18. Bg5 Bxg5 19. Qxg5 Qc5 20. Qd2 bxc4 21. bxc4
Qa3 22. f4 a5 23. g4 Qc3 24. Qe2 a4 25. f5 a3 26. fxg6 hxg6 27. Qf3 Be8 28. Rb5
Rxb5 29. cxb5 Qb2 30. Qf6 Rb8 31. Qe7 Rxb5 32. Qxe8+ 1-0

[Event "C.to Regionale Liguria"]
[Site "Spotorno ITA"]
[Date "2011.04.17"]
[Round "5"]
[White "Pesce, Gabriele"]
[Black "Ranieri, Fabrizio"]
[Result "0-1"]
[WhiteElo "2185"]
[BlackElo "2283"]
[PlyCount "142"]
[EventDate "2011.04.15"]

1. e4 e6 2. d4 d5 3. Nd2 Nf6 4. e5 Nfd7 5. Bd3 c5 6. c3 Nc6 7. Ne2 cxd4 8. cxd4
f6 9. Nf4 Nxd4 10. Qh5+ Ke7 11. exf6+ Nxf6 12. Ng6+ hxg6 13. Qxh8 Kf7 14. O-O
e5 15. Nf3 Nxf3+ 16. gxf3 Bf5 17. Bxf5 gxf5 18. Bg5 Bc5 19. Qh3 Ke6 20. Rfe1
Bd4 21. Rad1 Qb6 22. Be3 Bxe3 23. fxe3 Qxb2 24. e4 dxe4 25. fxe4 g6 26. Qd3 Qb4
27. a3 Qb6+ 28. Kh1 Rc8 29. Rb1 Qc6 30. Qb3+ Qc4 31. Qb2 Nxe4 32. Rbc1 Qd5 33.
Qg2 Rxc1 34. Rxc1 Nf6 35. Rc7 b6 36. Rc6+ Ke7 37. Rc7+ Kd6 38. Rg7 e4 39. Rxg6
Ke6 40. h4 Qd1+ 41. Kh2 Qd6+ 42. Kh3 Qxa3+ 43. Kh2 Qd6+ 44. Kh3 Qd3+ 45. Rg3
Qd5 46. Rg6 f4 47. Qg5 Qf5+ 48. Kh2 e3 49. Qg2 Kd6 50. Rg5 Qe4 51. Qb2 Nd5 52.
Qa3+ Ke6 53. Qc1 Kd6 54. Qa3+ Kc6 55. Qxa7 e2 56. Qa8+ Kc5 57. Qa3+ Kd4 58.
Qb2+ Nc3 59. Qxb6+ Kd3 60. Qd6+ Kc2 61. Rg1 f3 62. Kg3 Qe3 63. Qg6+ Ne4+ 64.
Kh2 e1=Q 65. Rxe1 Qxe1 66. Qc6+ Kd2 67. Qd5+ Ke3 68. Qb3+ Qc3 69. Qb6+ Kd2 70.
Qh6+ Ke1 71. Qf4 Qc2+ 0-1

[Event "C.to Regionale Liguria"]
[Site "Spotorno ITA"]
[Date "2011.04.17"]
[Round "5"]
[White "Pesce, Leandro"]
[Black "Pozzobon, Davide"]
[Result "1/2-1/2"]
[WhiteElo "1792"]
[BlackElo "1795"]
[PlyCount "44"]
[EventDate "2011.04.15"]

1. e4 c5 2. Nc3 e6 3. g3 Nc6 4. Bg2 Nge7 5. Nf3 g6 6. O-O Bg7 7. d3 O-O 8. Rb1
b6 9. Bg5 a6 10. Qd2 Bb7 11. Bh6 d5 12. Bxg7 Kxg7 13. exd5 exd5 14. Rbe1 Nf5
15. Ne5 Nce7 16. Qf4 Ra7 17. h3 Re8 18. Ng4 Qd6 19. Qxd6 Nxd6 20. Re5 d4 21.
Na4 Bxg2 22. Kxg2 Rb7 1/2-1/2

[Event "C.to Regionale Liguria"]
[Site "Spotorno ITA"]
[Date "2011.04.17"]
[Round "5"]
[White "Rostolis, Riccardo"]
[Black "Ciccarelli, Marco"]
[Result "1/2-1/2"]
[WhiteElo "1886"]
[BlackElo "1883"]
[PlyCount "50"]
[EventDate "2011.04.15"]

1. e4 c5 2. Nf3 d6 3. d4 cxd4 4. Nxd4 Nf6 5. Nc3 a6 6. Bc4 e6 7. Bb3 Nc6 8. Be3
Be7 9. Qe2 Qc7 10. O-O-O O-O 11. Rhg1 Nxd4 12. Bxd4 b5 13. g4 Bb7 14. g5 Nd7
15. h4 Nc5 16. h5 Nxb3+ 17. axb3 Rac8 18. f3 Qa5 19. Kb1 Bc6 20. g6 fxg6 21.
hxg6 h6 22. Qh2 Rxf3 23. Qh5 Rcf8 24. Qg4 Bd7 25. Nd5 Qd8 1/2-1/2

[Event "C.to Regionale Liguria"]
[Site "Spotorno ITA"]
[Date "2011.04.17"]
[Round "5"]
[White "Traverso, Massimiliano"]
[Black "Altieri, Danilo Mario"]
[Result "0-1"]
[WhiteElo "1945"]
[BlackElo "1977"]
[PlyCount "74"]
[EventDate "2011.04.15"]

1. e4 d5 2. exd5 Nf6 3. Nf3 Nxd5 4. d4 g6 5. c4 Nb6 6. Nc3 Bg7 7. Be3 Nc6 8. d5
Ne5 9. Nxe5 Bxe5 10. Bd4 Bxd4 11. Qxd4 O-O 12. O-O-O c6 13. Be2 cxd5 14. c5 Nd7
15. Nxd5 e6 16. Nc3 Qg5+ 17. Kb1 Qxc5 18. Qh4 Qf5+ 19. Ka1 Qf6 20. Qg3 Nc5 21.
h4 Bd7 22. Qe3 b6 23. g4 Bc6 24. g5 Qf5 25. Rhg1 Rad8 26. Rdf1 Nd3 27. h5 Nb4
28. Rc1 Nc2+ 29. Rxc2 Qxc2 30. hxg6 Qxg6 31. Rg3 Rd7 32. Rh3 Rfd8 33. Bh5 Qxh5
34. Rxh5 Rd1+ 35. Nb1 R8d4 36. Qe5 Be4 37. Qxd4 Rxb1# 0-1